| 000 | 00322nam a2200109Ia 4500 | ||
|---|---|---|---|
| 008 | 180116s9999 xx 000 0 und d | ||
| 020 | _a9781285842912 | ||
| 100 | _aMcMurry, John | ||
| 245 |
_cJohn McMurry _aOrganic Chemistry : _bwith biological applications / |
||
| 260 |
_aUSA _bCengage Learning _c2015 |
||
| 300 | _a876 pages | ||
| 999 |
_c353241 _d353241 |
||